[Event "GER-ch Seniors Gp-A 19th"]
[Site "Templin"]
[Date "2007.08.23"]
[Round "1"]
[White "Sprutta, Stephan"]
[Black "Gohlke, Herbert"]
[Result "1/2-1/2"]
[WhiteElo "1786"]
[BlackElo "1980"]
[PlyCount "110"]
[EventDate "2007.08.23"]
[EventType "swiss"]
[EventRounds "9"]
[EventCountry "GER"]
[SourceTitle "EXT 2022"]
[Source "ChessBase"]
[SourceDate "2021.10.06"]
[SourceVersion "1"]
[SourceVersionDate "2021.10.06"]
[SourceQuality "1"]

1. d4 d5 2. Nc3 Nf6 3. Bg5 c6 4. Nf3 Ne4 5. Nxe4 dxe4 6. Nd2 Qxd4 7. Qc1 Be6 8. e3 Qd5 9. Bf4 f5 10. Bc4 Qd7 11. 0-0 Bxc4 12. Nxc4 Qe6 13. b3 Nd7 14. Rd1 Rg8 15. Qd2 g5 16. Bc7 Bg7 17. Rab1 Rc8 18. Ba5 Ne5 19. Nxe5 Bxe5 20. Bc3 Bd6 21. Qe2 Qh6 22. g3 Qe6 23. Bd4 Kf7 24. c4 Bb8 25. Rd2 g4 26. Rbd1 Rgd8 27. Bc5 Rxd2 28. Qxd2 b6 29. Ba3 Bc7 30. Bb2 Rd8 31. Qc2 Rxd1+ 32. Qxd1 Qd6 33. Qd4 Qxd4 34. exd4 e5 35. Kf1 exd4 36. Bxd4 f4 37. Ke2 Ke6 38. a4 c5 39. Bg7 Be5 40. Bh6 Kf5 41. Bf8 fxg3 42. hxg3 a6 43. a5 Bc7 44. axb6 Bxb6 45. Ke3 h5 46. Be7 Ke5 47. Bg5 Ba5 48. Bf4+ Kf5 49. Bd6 Bb4 50. Bf8 Ba3 51. Ke2 Ke6 52. Ke3 Ke5 53. Bg7+ Kf5 54. Bf8 a5 55. Be7 Bc1+ 1/2-1/2

[Event "Dresden Vdes op"]
[Site "Dresden"]
[Date "2000.01.28"]
[Round "5"]
[White "Wallrabenstein, Udo"]
[Black "Sprutta, Stephan"]
[Result "1/2-1/2"]
[WhiteElo "2004"]
[BlackElo "1864"]
[PlyCount "98"]
[EventDate "2000.01.26"]
[EventType "swiss"]
[EventRounds "7"]
[EventCountry "GER"]
[SourceTitle "EXT 2001"]
[Source "ChessBase"]
[SourceDate "2000.11.22"]
[SourceVersion "1"]
[SourceVersionDate "2000.11.22"]
[SourceQuality "1"]

1. c4 e5 2. Nc3 Nc6 3. g3 f5 4. Bg2 Nf6 5. d3 d6 6. e3 Be7 7. Nge2 0-0 8. 0-0 Bd7 9. Rb1 a5 10. a3 Be8 11. b4 axb4 12. axb4 Qd7 13. Bd2 Bh5 14. b5 Nd8 15. Re1 c6 16. Ra1 Ne6 17. bxc6 bxc6 18. Rxa8 Rxa8 19. Qc2 Ng5 20. f4 exf4 21. exf4 Nf3+ 22. Bxf3 Bxf3 23. Nd4 Bg4 24. Be3 Bh3 25. Qe2 Bd8 26. Qf3 Ra3 27. Rc1 Bb6 28. Nde2 Qa7 29. d4 Qe7 30. Rb1 Bg4 31. Qf2 Ba7 32. Bc1 Ne4 33. Qe3 Ra6 34. Bb2 Kf7 35. Ra1 Rxa1+ 36. Bxa1 Nxc3 37. Qxe7+ Kxe7 38. Nxc3 Bxd4+ 39. Kf1 Ke6 40. Bb2 g6 41. Nd1 Bxb2 42. Nxb2 c5 43. Kf2 d5 44. Ke3 d4+ 45. Kd2 Bf3 46. Nd3 Kd6 47. Ne5 Bb7 48. Nf7+ Ke7 49. Ne5 Be4 1/2-1/2

[Event "Dresden Vdes op"]
[Site "Dresden"]
[Date "2000.01.26"]
[Round "1"]
[White "Kreissig, Klaus"]
[Black "Sprutta, Stephan"]
[Result "0-1"]
[WhiteElo "1403"]
[BlackElo "1864"]
[PlyCount "58"]
[EventDate "2000.01.26"]
[EventType "swiss"]
[EventRounds "7"]
[EventCountry "GER"]
[SourceTitle "EXT 2001"]
[Source "ChessBase"]
[SourceDate "2000.11.22"]
[SourceVersion "1"]
[SourceVersionDate "2000.11.22"]
[SourceQuality "1"]

1. e4 e6 2. e5 d5 3. exd6 Bxd6 4. Nf3 Nf6 5. b3 Nbd7 6. Bb2 0-0 7. g3 b6 8. Bg2 Bb7 9. 0-0 c5 10. d3 Qc7 11. Nbd2 Rad8 12. Nc4 Be7 13. Qe2 b5 14. Nce5 Nxe5 15. Qxe5 Qc8 16. a4 b4 17. Rad1 Qa8 18. Ne1 Ne8 19. Bxb7 Qxb7 20. Qe3 Qc6 21. Ng2 Bf6 22. Bxf6 Nxf6 23. Nf4 Rfe8 24. Rfe1 e5 25. Ng2 Nd5 26. Qe4 Qd6 27. d4 Nc3 28. dxc5 Qxd1 29. Rxd1 Rxd1+ 0-1